Statistiche per Province italiane per Densità di popolazione

Clicka qui per fare il quiz!

Statistiche generali

  • Questo quiz è stato fatto 5 volte
  • Il punteggio medio è 14 su 15

Statistiche sulle risposte

Densità di popolazione (ab. / km²)Provincia% Corretto
402Bergamo
100%
467Como
100%
445Genova
100%
413Lecco
100%
2 049Milano
100%
2 155Monza e Brianza
100%
2 528Napoli
100%
709Prato
100%
788Roma
100%
1 076Trieste
100%
734Varese
100%
434Padova
80%
342Caserta
60%
368Rimini
60%
354Treviso
60%

Distribuzione punteggi

Percentile per numero di risposta

Percentuale di utenti per punteggio

I tuoi punteggi nel tempo

Non hai fatto questo quiz